000 01170nas a2200289 4500
001 BR2015004627
003 BR-BrBNA
005 20231205125636.0
007 ta
008 230509b bl.|||p| |||| 00| 00por d
040 _aBR-BrBNA
_bpor
_cBiblioteca Nacional de Agricultura
041 _a(Pt)
072 _aF02; K10
100 1 _aCastro, C.
100 1 _aRibeiro, I.G.
100 1 _aCallado, C.H.
100 1 _aAlbarello, N.
111 1 _a16° Congresso Brasileiro de Floricultura e Plantas Ornamentais; 3° Congresso Brasileiro de Cultura de Tecidos de Plantas; 1° Simpósio de Plantas Ornamentais Nativas
_cGoiânia, GO (Brazil)
_d10-15 Sep 2007
245 1 _aEstudos do controle da oxidação e da contaminação visando o estabelecimento da cultura in vitro de Mezilaurus navalium (Allemão)Taub. ex Mez (Lauraceae)
650 _aPROPAGAÇÃO VEGETATIVA
650 _aEXPLANTE
650 _aESPÉCIE NATIVA
650 _aDESINFECÇÃO
773 0 _tRevista Brasileira de Horticultura Ornamental (Brazil)
_xISSN 1809-6093
_g(Sep 2007), v. 13(Suplemento) p. 459-463
_wBR2015004627
909 _a202311
_bLúcia
_c55
_dLúcia Elande
942 _2AGRIS
_n0
_cANA
999 _c245335
_d245335